<?xml version="1.0" encoding="UTF-8"?>
<collection xmlns="http://www.loc.gov/MARC21/slim">
  <record>
    <leader>00000nam  2200000   4500</leader>
    <controlfield tag="001">INLIS000000000020214</controlfield>
    <controlfield tag="005">20250526031623</controlfield>
    <datafield tag="035" ind1="#" ind2="#">
      <subfield code="a">0010-0525000297</subfield>
    </datafield>
    <controlfield tag="007">ta</controlfield>
    <controlfield tag="008">250526################g##########0#eng##</controlfield>
    <datafield tag="020" ind1="#" ind2="#">
      <subfield code="a">978 033 5210 688</subfield>
    </datafield>
    <datafield tag="082" ind1="#" ind2="#">
      <subfield code="a">378.007</subfield>
    </datafield>
    <datafield tag="084" ind1="#" ind2="#">
      <subfield code="a">378.007 D’AN i</subfield>
    </datafield>
    <datafield tag="100" ind1=" " ind2="#">
      <subfield code="a">D’Andrea, Vaneeta</subfield>
    </datafield>
    <datafield tag="245" ind1="1" ind2="#">
      <subfield code="a">Improving Teaching and Learning in Higher Education :</subfield>
      <subfield code="b">A Whole Institute Approach /</subfield>
      <subfield code="c">Vaneeta D’Andrea, David Gosling</subfield>
    </datafield>
    <datafield tag="250" ind1="#" ind2="#">
      <subfield code="a">Edisi ke 1</subfield>
    </datafield>
    <datafield tag="260" ind1="#" ind2="#">
      <subfield code="a">USA :</subfield>
      <subfield code="b">Open University Press,</subfield>
      <subfield code="c">2005</subfield>
    </datafield>
    <datafield tag="300" ind1="#" ind2="#">
      <subfield code="a">245 halaman :</subfield>
      <subfield code="b">ilus ;</subfield>
      <subfield code="c">23 cm</subfield>
    </datafield>
    <datafield tag="650" ind1="#" ind2="4">
      <subfield code="a">Pendidikan Tinggi, Unversitas</subfield>
    </datafield>
    <datafield tag="700" ind1=" " ind2="#">
      <subfield code="a">David Gosling</subfield>
    </datafield>
    <datafield tag="520" ind1="#" ind2="#">
      <subfield code="a">What are the aims of higher education?&#13;
What are the strategies necessary for institutional improvement?&#13;
How might the student experience be improved? The emergence of the discourse around learning and teaching is one of the more remarkable phenomena of the last decade in higher education. Increasingly, universities are being required to pay greater attention to improving teaching and enhancing student learning. This book will help universities and colleges achieve these goals through an approach to institutional change that is well founded on both research and practical experience.&#13;
By placing learning at the centre of organizational change, this book challenges many of the current assumptions about management of teaching, supporting students, the separation of research and teaching, the use of information technology and quality systems. It demonstrates how trust can be restored within higher education while advancing the need for change based on principles of equity and academic values for students and teachers alike.&#13;
&#13;
Improving Teaching and Learning in Higher Education is key reading for anyone interested in the development of teaching and learning in higher education, as well as policy makers.</subfield>
    </datafield>
    <datafield tag="990" ind1="#" ind2="#">
      <subfield code="a">06049910</subfield>
    </datafield>
  </record>
</collection>
